[Event "Dundee & Angus Congress Open"]
[Site "?"]
[Date "2011.??.??"]
[Round "1"]
[White "Berry, Neil"]
[Black "McDonald, Ian"]
[Result "1/2-1/2"]
[WhiteElo "2314"]
[BlackElo "1988"]
[PlyCount "99"]

1. d4 Nf6 2. c4 e6 3. g3 d5 4. Nf3 Be7 5. Bg2 O-O 6. O-O Nbd7 7. Qc2 b6 8. Na3
Bb7 9. Ne5 c5 10. cxd5 exd5 11. Bf4 cxd4 12. Nb5 a6 13. Nxd4 Nxe5 14. Bxe5 Bd6
15. Bxf6 Qxf6 16. Rfd1 Rac8 17. Qf5 Be5 18. Qxf6 Bxf6 19. e3 Rc7 20. Rd2 Rfc8
21. Rad1 Rc1 22. Bf3 Bxd4 23. Rxd4 Rxd1+ 24. Bxd1 Kf8 25. Kf1 Ke7 26. Ke2 Kd6
27. Kd2 Rc4 28. Rd3 Rc8 29. Bf3 Ke5 30. Rd4 Rd8 31. Bg2 Rd6 32. f4+ Ke6 33. g4
f6 34. a4 g5 35. Bf1 a5 36. Bd3 h6 37. Bf5+ Ke7 38. Rd3 Bc6 39. b3 Bd7 40. Bxd7
Rxd7 41. Rc3 d4 42. Rc6 Rd6 43. Rxd6 Kxd6 44. fxg5 dxe3+ 45. Kxe3 fxg5 46. Kd4
Kc6 47. Kc4 Kd6 48. Kb5 Kc7 49. b4 axb4 50. Kxb4 1/2-1/2

[Event "Dundee & Angus Congress Open"]
[Site "?"]
[Date "2011.??.??"]
[Round "1"]
[White "McPheator, Gary"]
[Black "Hogg, Steve"]
[Result "1-0"]
[WhiteElo "1705"]
[BlackElo "2010"]
[PlyCount "81"]

1. e4 d5 2. exd5 Qxd5 3. Nc3 Qa5 4. Nf3 Nf6 5. d4 Bg4 6. h3 Bh5 7. g4 Bg6 8.
Ne5 Nbd7 9. Nxg6 hxg6 10. Bg2 c6 11. O-O O-O-O 12. Qe2 e6 13. Bf4 Bb4 14. Nb1
Nb6 15. c3 Nfd5 16. Be5 Bf8 17. Nd2 Qb5 18. c4 Qa6 19. a3 c5 20. dxc5 Na4 21.
Rfe1 Nc7 22. b4 f6 23. Bg3 e5 24. Nb3 Nc3 25. Qc2 Qxc4 26. Na5 Qd3 27. Bxb7+
Kb8 28. Nc6+ Kxb7 29. Nxd8+ Qxd8 30. Qxc3 Rxh3 31. Kg2 Rh8 32. c6+ Ka8 33. Rad1
Qc8 34. Rd7 Nb5 35. Qf3 a6 36. a4 Nd4 37. Rxd4 exd4 38. c7+ Ka7 39. Qe4 Qd7 40.
Rd1 Bxb4 41. Rxd4 1-0

[Event "Dundee & Angus Congress Open"]
[Site "?"]
[Date "2011.??.??"]
[Round "1"]
[White "Parks, Joe"]
[Black "Findlay, David"]
[Result "1-0"]
[WhiteElo "1860"]
[BlackElo "2167"]
[PlyCount "59"]

1. d4 Nf6 2. c4 g6 3. Nc3 Bg7 4. g3 O-O 5. Bg2 c5 6. d5 d6 7. Nf3 e6 8. O-O
exd5 9. cxd5 Na6 10. Nd2 Nc7 11. a4 b6 12. Qc2 Ba6 13. Re1 Re8 14. Nf1 Qd7 15.
Bf4 Nh5 16. Bd2 f5 17. h3 Qf7 18. e4 f4 19. g4 f3 20. gxh5 fxg2 21. Kxg2 Rf8
22. f4 Be5 23. Ne2 Nxd5 24. exd5 Qxd5+ 25. Kh2 Bb7 26. Ne3 Qf3 27. Qc4+ Kh8 28.
Rf1 Rxf4 29. Nxf4 Bxf4+ 30. Qxf4 1-0

[Event "Dundee & Angus Congress Open"]
[Site "?"]
[Date "2011.??.??"]
[Round "1"]
[White "Sreeves, Clement"]
[Black "Grove, Mikey"]
[Result "1-0"]
[WhiteElo "2148"]
[BlackElo "1851"]
[PlyCount "59"]

1. e4 e5 2. Nf3 Nc6 3. Bb5 a6 4. Ba4 Nf6 5. O-O Nxe4 6. d4 exd4 7. Re1 d5 8.
Nxd4 Bd6 9. Nxc6 Bxh2+ 10. Kh1 Qh4 11. Rxe4+ dxe4 12. Qd8+ Qxd8 13. Nxd8+ Kxd8
14. Kxh2 c5 15. Bb3 f6 16. Be3 b6 17. Bd5 Ra7 18. Bxe4 Re8 19. Nc3 Bg4 20. Bxh7
Rh8 21. Kg3 Rxh7 22. Kxg4 Rd7 23. a4 a5 24. Kf5 Rh5+ 25. Kg6 Rh4 26. g3 Rg4+
27. Kf5 Rb4 28. b3 c4 29. Na2 Rd5+ 30. Kg6 1-0

[Event "Dundee & Angus Congress Open"]
[Site "?"]
[Date "2011.??.??"]
[Round "1"]
[White "Robertson, David"]
[Black "Kleboe, Jim"]
[Result "1/2-1/2"]
[WhiteElo "2053"]
[BlackElo "1749"]
[PlyCount "75"]

1. d4 Nf6 2. c4 e6 3. Nc3 Bb4 4. Qc2 d5 5. a3 Bxc3+ 6. Qxc3 O-O 7. Bg5 Nbd7 8.
Rc1 c6 9. Nf3 Qe8 10. cxd5 exd5 11. e3 Ne4 12. Qc2 f6 13. Bf4 Nb6 14. Bd3 g5
15. Bg3 Bf5 16. Nd2 Qg6 17. Bxe4 Bxe4 18. Nxe4 Qxe4 19. Qxe4 dxe4 20. h4 g4 21.
Rc5 Nd5 22. Ke2 a5 23. b3 Ra6 24. Rb1 Kf7 25. Rb2 Ke6 26. Rc1 h5 27. Bf4 b5 28.
Rbc2 Kd7 29. Rc5 b4 30. a4 30... Rh8 {(=)} 31. Kd2 Rg8 32. Bg3 Rg6 33. Bh2 Rg8
34. Rf1 Rg6 35. Ke2 Rg8 36. Bf4 Rg6 37. Ke1 Rg8 38. Ke2 1/2-1/2

[Event "Dundee & Angus Congress Open"]
[Site "?"]
[Date "2011.??.??"]
[Round "1"]
[White "Borwell, Alan"]
[Black "Sanderson, Mark"]
[Result "1-0"]
[WhiteElo "2043"]
[BlackElo "1709"]
[PlyCount "98"]

1. e4 e5 2. Nf3 Nc6 3. Bb5 f5 4. d4 fxe4 5. Nxe5 Nf6 6. O-O Be7 7. Bxc6 dxc6 8.
c4 O-O 9. Be3 Bd6 10. Nc3 Qe8 11. f4 exf3 12. Rxf3 Bxe5 13. dxe5 Bg4 14. exf6
Rxf6 15. Qd2 Bxf3 16. gxf3 Rxf3 17. Re1 Rd8 18. Qe2 Qg6+ 19. Qg2 Qf7 20. Rf1
Rxf1+ 21. Qxf1 Qe6 22. Bf2 Rf8 23. Qe2 Qg6+ 24. Bg3 Re8 25. Qd2 Qf7 26. b3 h6
27. Qd3 Qe7 28. Qf3 Kh8 29. Kg2 Kg8 30. h4 Qe3 31. Bf4 Qe7 32. Qf2 Rf8 33. Qg3
Qf6 34. Ne2 Re8 35. Ng1 Rf8 36. Nh3 Qb2+ 37. Nf2 Qxa2 38. Bxc7 Qd2 39. Be5 Rf7
40. Bb8 a6 41. Ba7 Qf4 42. Qxf4 Rxf4 43. Kg3 Rf7 44. Be3 Kf8 45. Nd3 Ke8 46.
Nc5 Re7 47. Bf4 b6 48. Nxa6 Ra7 49. Nb8 Ra3 1-0

[Event "Dundee & Angus Congress Open"]
[Site "?"]
[Date "2011.??.??"]
[Round "1"]
[White "Payada, Dmitriy"]
[Black "Burns-Mannion, Stephen"]
[Result "0-1"]
[WhiteElo "1946"]
[BlackElo "2308"]
[PlyCount "84"]

1. e4 e5 2. Nf3 Nc6 3. Bb5 a6 4. Bxc6 dxc6 5. d3 Bd6 6. Nbd2 c5 7. Nc4 f6 8.
Ne3 Ne7 9. Nh4 Be6 10. Qh5+ g6 11. Qh6 Kf7 12. Nf3 Nc6 13. Bd2 Qd7 14. O-O Rag8
15. Rae1 Bf8 16. Qh4 h5 17. Qg3 g5 18. h4 gxh4 19. Qxh4 Bg4 20. Nh2 Be7 21. f4
exf4 22. Nd5 Nd4 23. Nxf4 Nxc2 24. Rc1 Nd4 25. Qf2 h4 26. Bc3 h3 27. g3 c6 28.
e5 Ke8 29. exf6 Bxf6 30. Rce1+ Kd8 31. Kh1 Kc8 32. Nxg4 Rxg4 33. Re4 h2 34.
Rfe1 Rd8 35. Ne6 Nxe6 36. Rxe6 Bxc3 37. bxc3 Qd5+ 38. Qg2 Rxg3 39. Qxd5 Rxd5
40. Kxh2 Rgxd3 41. Re8+ Kc7 42. R8e7+ Rd7 0-1

[Event "Dundee & Angus Congress Open"]
[Site "?"]
[Date "2011.??.??"]
[Round "1"]
[White "Bhopal, Raj"]
[Black "McGowan, Daniel"]
[Result "0-1"]
[WhiteElo "1808"]
[BlackElo "2088"]
[PlyCount "90"]

1. d4 e6 2. Nf3 d5 3. Bf4 Nf6 4. e3 c5 5. c3 Nc6 6. Nbd2 Bd6 7. Bg3 Bxg3 8.
hxg3 Qd6 9. Bd3 Bd7 10. Qc2 h6 11. Kf1 Rc8 12. a3 e5 13. dxe5 Nxe5 14. Nxe5
Qxe5 15. Re1 O-O 16. c4 dxc4 17. Nxc4 Qe7 18. Bf5 b5 19. Nd2 Rcd8 20. Bxd7 Rxd7
21. Rh4 Rfd8 22. Nf3 Rd3 23. e4 c4 24. e5 Nh7 25. Rhe4 Ng5 26. Nxg5 Qxg5 27. e6
fxe6 28. Rxe6 Rf8 29. Re8 Rxe8 30. Rxe8+ Kf7 31. Re2 Qd5 32. Re1 Rd2 33. Re5
Rxc2 34. Rxd5 Rxb2 35. Rc5 a6 36. a4 Rb4 37. Rc7+ Kf6 38. a5 Ra4 39. Rc6+ Ke5
40. Rxa6 Kd4 41. Rd6+ Kc3 42. a6 b4 43. Ke2 b3 44. Rb6 b2 45. Ke3 Kc2 0-1

[Event "Dundee & Angus Congress Open"]
[Site "?"]
[Date "2011.??.??"]
[Round "1"]
[White "MacQueen, Calum"]
[Black "Wiltshire, Richard"]
[Result "1-0"]
[WhiteElo "2203"]
[BlackElo "1902"]
[PlyCount "125"]

1. d4 Nf6 2. Nf3 d5 3. c4 e6 4. g3 c6 5. Qc2 Bd6 6. Bg2 Nbd7 7. Nc3 dxc4 8. Nd2
e5 9. Nxc4 Bc7 10. dxe5 Nxe5 11. Nxe5 Bxe5 12. O-O O-O 13. e4 Be6 14. Be3 Qe7
15. h3 Rfd8 16. Rad1 Bc4 17. Rfe1 h6 18. Rxd8+ Qxd8 19. Rd1 Qa5 20. f4 Bxc3 21.
bxc3 Qxa2 22. Qxa2 Bxa2 23. Ra1 Bc4 24. Rxa7 Rxa7 25. Bxa7 Kf8 26. Kf2 Ke7 27.
Ke3 Nd7 28. Bd4 f6 29. Kd2 c5 30. Be3 b5 31. Bf3 Kd6 32. h4 b4 33. cxb4 cxb4
34. Bd4 g5 35. Kc2 gxh4 36. gxh4 Be6 37. Be3 Bf7 38. h5 Bc4 39. Bd2 Kc5 40. Bg4
Nb6 41. Be3+ Kb5 42. Bd4 b3+ 43. Kc1 Bd3 44. Bf5 Nc4 45. Bxf6 b2+ 46. Bxb2 Nxb2
47. Kxb2 Kc4 48. Bg6 Kd4 49. e5 Bc4 50. Kc2 Be6 51. Kd2 Bg4 52. Ke1 Kd5 53. Kf2
Ke6 54. Ke3 Bd1 55. Ke4 Bc2+ 56. Kd4 Bb3 57. f5+ Ke7 58. f6+ Ke6 59. Bd3 Bd1
60. Bc4+ Kd7 61. e6+ Kd6 62. Ke4 Bxh5 63. Kf5 1-0

[Event "Dundee & Angus Congress Open"]
[Site "?"]
[Date "2011.10.14"]
[Round "1"]
[White "Harrold, Bruce"]
[Black "Neave, George"]
[Result "0-1"]
[WhiteElo "1823"]
[BlackElo "2126"]
[PlyCount "80"]

1. e4 c5 2. Nc3 Nc6 3. f4 g6 4. a3 Bg7 5. Bc4 d6 6. d3 Nf6 7. Nf3 Bg4 8. O-O
O-O 9. Ne2 d5 10. exd5 Nxd5 11. Qe1 Bxf3 12. Rxf3 e6 13. Rh3 Nd4 14. Nxd4 cxd4
15. Rb1 a6 16. Bd2 b5 17. Bb3 Rc8 18. Kh1 Qf6 19. Qg3 h5 20. Re1 Qd8 21. Qf3 a5
22. f5 a4 23. Bxd5 exd5 24. Bb4 Re8 25. Re2 Qg5 26. Rxe8+ Rxe8 27. Qf1 Re3 28.
Bd2 Qe7 29. Bxe3 dxe3 30. fxg6 fxg6 31. Qe2 d4 32. Rf3 b4 33. axb4 Qxb4 34. c3
dxc3 35. bxc3 Qxc3 36. Rxe3 a3 37. h3 Qa1+ 38. Qe1 Qxe1+ 39. Rxe1 a2 40. Re8+
Kf7 0-1

[Event "Dundee & Angus Congress Open"]
[Site "?"]
[Date "2011.??.??"]
[Round "1"]
[White "Rutherford, Elaine"]
[Black "Tsang, Sai Kong"]
[Result "1-0"]
[WhiteElo "2120"]
[BlackElo "1823"]
[PlyCount "49"]

1. e4 c5 2. Nc3 g6 3. f4 Bg7 4. Nf3 d6 5. Bc4 Nf6 6. d3 Nc6 7. O-O O-O 8. Qe1
Bg4 9. f5 Bxf3 10. Rxf3 Ne5 11. Rh3 Nxc4 12. dxc4 Ng4 13. Qh4 h5 14. Bg5 Bd4+
15. Kf1 Qb6 16. b3 Bf2 17. g3 e6 18. Rd1 Qc6 19. Be7 Bd4 20. Rxd4 cxd4 21. Bf6
Nxf6 22. Qxf6 exf5 23. Nd5 Rae8 24. Rxh5 gxh5 25. Qg5+ 1-0

[Event "Dundee & Angus Congress Open"]
[Site "?"]
[Date "2011.??.??"]
[Round "1"]
[White "Roberts, Paul"]
[Black "Egbaiyelo, Ade"]
[Result "1-0"]
[WhiteElo "2276"]
[BlackElo "1918"]
[PlyCount "131"]

1. Nf3 c5 2. c4 g6 3. g3 Bg7 4. Bg2 Nc6 5. Nc3 Nf6 6. d4 cxd4 7. Nxd4 Nxd4 8.
Qxd4 O-O 9. O-O d6 10. Qd3 Nd7 11. b3 Nc5 12. Qd2 a5 13. Bb2 Bd7 14. Nd5 Bc6
15. Bxg7 Kxg7 16. Qc3+ Kg8 17. a3 Bxd5 18. Bxd5 Qc7 19. b4 axb4 20. axb4 Nd7
21. Qf3 Rxa1 22. Rxa1 Ne5 23. Qe4 e6 24. Bxb7 Qxc4 25. f4 Qxe4 26. Bxe4 Nd7 27.
Ra7 Nf6 28. Bc6 Rb8 29. b5 d5 30. Kf2 Ne4+ 31. Ke3 Nd6 32. Ra1 Ne4 33. Ra8 Rxa8
34. Bxa8 Nd6 35. Bc6 Kf8 36. Kd4 Ke7 37. Kc5 Ne4+ 38. Kb6 Kd6 39. Ka7 Nc3 40.
Be8 Nxb5+ 41. Bxb5 f6 42. Kb6 g5 43. Bd3 h6 44. Kb5 gxf4 45. gxf4 e5 46. fxe5+
fxe5 47. Kb4 e4 48. Ba6 Ke5 49. Kc3 d4+ 50. Kd2 Kf4 51. Bc8 Ke5 52. Ke1 Kf4 53.
Kf2 h5 54. Bd7 h4 55. Bc6 Ke5 56. Kg2 Kf4 57. Bb5 d3 58. Bxd3 exd3 59. exd3 Kg4
60. h3+ Kf4 61. Kf2 Ke5 62. Ke3 Kd5 63. Kf4 Kd4 64. Kg5 Kxd3 65. Kxh4 Ke4 66.
Kg5 1-0

[Event "Dundee & Angus Congress Open"]
[Site "?"]
[Date "2011.??.??"]
[Round "1"]
[White "Grant, Alan"]
[Black "Marks, Ian"]
[Result "1-0"]
[WhiteElo "2173"]
[BlackElo "1884"]
[PlyCount "49"]

1. Nf3 g6 2. c4 Bg7 3. Nc3 d6 4. d4 Nf6 5. e4 O-O 6. Be2 e5 7. O-O Nc6 8. d5
Ne7 9. Bg5 h6 10. Bxf6 Bxf6 11. b4 Bg7 12. c5 f5 13. Nd2 Bd7 14. Nc4 dxc5 15.
bxc5 fxe4 16. Rb1 b6 17. d6 cxd6 18. cxb6 axb6 19. Rxb6 Qc7 20. Nd5 Nxd5 21.
Qxd5+ Kh8 22. Rxd6 Ba4 23. Nxe5 Bxe5 24. Qxe5+ Qg7 25. Qxe4 1-0

[Event "Dundee & Angus Congress Open"]
[Site "?"]
[Date "2011.??.??"]
[Round "1"]
[White "Campbell, Duncan A"]
[Black "Romilly, Peter"]
[Result "0-1"]
[WhiteElo "1886"]
[BlackElo "2185"]
[PlyCount "42"]

1. e4 e5 2. f4 d5 3. exd5 exf4 4. Nf3 Nf6 5. Bb5+ c6 6. dxc6 Nxc6 7. d4 Bd6 8.
O-O O-O 9. Nc3 h6 10. a3 Bg4 11. Qd3 Ne7 12. Bc4 Rc8 13. Bb3 Bf5 14. Qe2 Nc6
15. Qf2 Bg4 16. Ne2 Qb6 17. Bxf4 Bxf4 18. Nxf4 Bxf3 19. Qxf3 Nxd4 20. Qf2 Ng4
21. Nd5 Ne2+ 0-1

[Event "Dundee & Angus Congress Open"]
[Site "?"]
[Date "2011.??.??"]
[Round "1"]
[White "Cliford, John"]
[Black "Rocks, Daniel"]
[Result "0-1"]
[WhiteElo "1799"]
[BlackElo "2056"]
[PlyCount "60"]

1. e4 c5 2. Nf3 g6 3. d4 cxd4 4. Nxd4 Bg7 5. c3 Nc6 6. Nxc6 bxc6 7. Bc4 e6 8.
Be3 d5 9. exd5 exd5 10. Bb3 Nf6 11. h3 O-O 12. O-O Re8 13. Nd2 Bf5 14. Bc2 Qd7
15. Nb3 Bxh3 16. Nd4 Be6 17. Ba4 Rac8 18. Qc1 Ng4 19. Bxc6 Rxc6 20. Nxc6 Qxc6
21. Bd4 Qd6 22. g3 Be5 23. Bxe5 Qxe5 24. Kg2 Qe4+ 25. Kg1 Ne5 26. Qe3 Nf3+ 27.
Kh1 Qg4 28. Qh6 Ng5 29. Rae1 d4 30. Re5 Bd5+ 0-1

[Event "Dundee & Angus Congress Open"]
[Site "?"]
[Date "2011.??.??"]
[Round "1"]
[White "Doyle, Jim"]
[Black "Holmes, Donald"]
[Result "0-1"]
[WhiteElo "1908"]
[BlackElo "2263"]
[PlyCount "54"]

1. d4 Nf6 2. c4 e6 3. Nc3 Bb4 4. e3 c5 5. Bd3 d5 6. Nge2 cxd4 7. exd4 dxc4 8.
Bxc4 a6 9. O-O O-O 10. Bf4 b5 11. Bb3 Bb7 12. Ng3 Nc6 13. d5 exd5 14. Nxd5 Nxd5
15. Bxd5 Qf6 16. Qg4 Rad8 17. Be4 Bc8 18. Qh5 h6 19. Nf5 Rfe8 20. Bxc6 Qxc6 21.
Rac1 Qe4 22. Nxg7 Kxg7 23. Bxh6+ Kg8 24. a3 Rd5 25. Bg5 Bd2 26. Rxc8 Rxc8 27.
Qh3 Qe6 0-1

[Event "Dundee & Angus Congress Open"]
[Site "?"]
[Date "2011.??.??"]
[Round "1"]
[White "Bremner, Adam"]
[Black "McGregor, Lindsay"]
[Result "1-0"]
[WhiteElo "2068"]
[BlackElo "1804"]
[PlyCount "57"]

1. c4 e5 2. g3 Nf6 3. Bg2 d5 4. cxd5 Nxd5 5. Nc3 Be6 6. Nf3 Nc6 7. O-O Be7 8.
d4 exd4 9. Nxd4 Nxd4 10. Qxd4 Bf6 11. Qa4+ c6 12. Rd1 O-O 13. Nxd5 cxd5 14. Qb5
Rc8 15. Be3 Rc2 16. Rab1 Bg4 17. Bxd5 Qe7 18. Bf3 Bxf3 19. exf3 Rfc8 20. Rd7
Qe6 21. Qxb7 Qxa2 22. Rbd1 h6 23. b3 Re8 24. Qd5 Rxe3 25. Qxf7+ Kh8 26. Qf8+
Kh7 27. Qxf6 Qb2 28. Rxg7+ Kh8 29. Qf8# 1-0

[Event "Dundee & Angus Congress Open"]
[Site "?"]
[Date "2011.??.??"]
[Round "1"]
[White "Newton, Andrew"]
[Black "Brechin, Hugh"]
[Result "0-1"]
[WhiteElo "1724"]
[BlackElo "2045"]
[PlyCount "50"]

1. e4 c5 2. Nc3 d6 3. g3 Nc6 4. Bg2 g6 5. d3 Bg7 6. Be3 Nf6 7. h3 O-O 8. Qd2
Re8 9. f4 e6 10. Nf3 Qa5 11. d4 cxd4 12. Nxd4 Nxd4 13. Bxd4 e5 14. Be3 exf4 15.
Bxf4 Bf5 16. O-O Qc5+ 17. Be3 Qe5 18. Bd4 Nxe4 19. Nxe4 Qxd4+ 20. Qxd4 Bxd4+
21. Nf2 Bxc2 22. Rac1 Re2 23. b3 Rae8 24. Bf3 Rd2 25. Bd1 Bd3 0-1

[Event "Dundee & Angus Congress Open"]
[Site "?"]
[Date "2011.??.??"]
[Round "2"]
[White "Grove, Mikey"]
[Black "Doyle, Jim"]
[Result "1/2-1/2"]
[WhiteElo "1851"]
[BlackElo "1908"]
[PlyCount "98"]

1. e4 c6 2. d4 d5 3. Nc3 dxe4 4. Nxe4 Nf6 5. Nxf6+ gxf6 6. Be3 Bf5 7. Qd2 e6 8.
O-O-O Nd7 9. Nf3 Qc7 10. Nh4 Bg6 11. f4 f5 12. Be2 Be7 13. g3 Nf6 14. Rhe1 Ne4
15. Qd3 Bb4 16. c3 Be7 17. Bf3 O-O-O 18. Nxg6 hxg6 19. Bg1 Nf6 20. h4 Kb8 21.
Kb1 Rhe8 22. a3 Bd6 23. Qc2 Rh8 24. Re2 Nh5 25. Bf2 Nf6 26. Qa4 a6 27. Qb3 Kc8
28. c4 Nd7 29. Qc3 Rhe8 30. b4 Bf8 31. Qb3 Bg7 32. Rde1 Bf6 33. d5 e5 34. fxe5
Rxe5 35. dxc6 bxc6 36. Be3 Rde8 37. Bf4 Rxe2 38. Rxe2 Rxe2 39. Bxc7 Re1+ 40.
Kc2 Kxc7 41. Kd2 Re5 42. Qa4 Nb8 43. c5 Re6 44. Qa5+ Kc8 45. Be2 Bd8 46. Bxa6+
Kd7 47. Qa4 Bc7 48. Bc4 Re4 49. Qb3 Rd4+ 1/2-1/2

[Event "Dundee & Angus Congress Open"]
[Site "?"]
[Date "2011.??.??"]
[Round "2"]
[White "Neave, George"]
[Black "McPheator, Gary"]
[Result "0-1"]
[WhiteElo "2126"]
[BlackElo "1705"]
[PlyCount "96"]

1. e4 c5 2. Nf3 g6 3. d4 cxd4 4. Nxd4 Nc6 5. c4 Bg7 6. Be3 d6 7. Nc3 Nf6 8. Be2
O-O 9. O-O Qa5 10. a3 a6 11. b4 Qc7 12. Rc1 Ne5 13. Nd5 Nxd5 14. exd5 Qd8 15.
f4 Nd7 16. Bf3 Nf6 17. Re1 e6 18. dxe6 fxe6 19. Bf2 Re8 20. Qb3 Kh8 21. c5 e5
22. c6 e4 23. c7 Qd7 24. Be2 Ng4 25. Bxg4 Qxg4 26. Be3 Qd7 27. Qd5 h5 28. Red1
Kh7 29. Ne2 Bf8 30. Nd4 Qe7 31. f5 Qe5 32. fxg6+ Kxg6 33. Ne2 Bg4 34. Nf4+ Kh7
35. Qxb7 Bg7 36. Bd4 Qg5 37. Bxg7 Qxg7 38. Rxd6 e3 39. Re1 Rac8 40. Qxa6 Bf5
41. Nxh5 Qg5 42. Nf6+ Kg7 43. Nxe8+ Rxe8 44. Qb5 Qh4 45. g3 Qe4 46. Qd5 Qc2 47.
Qd4+ Kg8 48. Rd8 Qf2+ 0-1

[Event "Dundee & Angus Congress Open"]
[Site "?"]
[Date "2011.??.??"]
[Round "2"]
[White "Wiltshire, Richard"]
[Black "Clifford, John"]
[Result "1-0"]
[WhiteElo "1902"]
[BlackElo "1799"]
[PlyCount "120"]

1. e4 c5 2. c3 d5 3. exd5 Qxd5 4. Nf3 Nc6 5. d4 cxd4 6. cxd4 e6 7. Nc3 Bb4 8.
Bd3 Nge7 9. O-O Qd8 10. a3 Ba5 11. Be3 O-O 12. Qc2 f5 13. Rad1 Ng6 14. b4 Bc7
15. d5 Nce5 16. Nxe5 Bxe5 17. dxe6 Qc7 18. Bc5 Ne7 19. Nb5 Bxh2+ 20. Kh1 Qf4
21. Bd6 Qh6 22. Bxh2 Bxe6 23. Bc4 Bf7 24. Bxf7+ Rxf7 25. Rd6 Qh5 26. Qd1 Qh4
27. Nc7 Rc8 28. Ne6 Ng6 29. Rd8+ Rxd8 30. Qxd8+ Qxd8 31. Nxd8 Rd7 32. Ne6 Rd3
33. a4 Ne7 34. Nc5 Rd4 35. Rb1 b6 36. Na6 f4 37. Kg1 Nd5 38. Kf1 Nc3 39. Rc1
Nd5 40. Nc7 Nxc7 41. Rxc7 Rxb4 42. Rxa7 g5 43. g4 f3 44. Ke1 Re4+ 45. Kd1 Rxg4
46. Kd2 Rb4 47. Ke3 g4 48. Be5 h5 49. Rg7+ Kf8 50. Ra7 Kg8 51. Bg3 Rc4 52. Kd3
Rb4 53. Kc3 Rb1 54. Kd4 Rg1 55. Ke3 Re1+ 56. Kf4 Rh1 57. Kg5 Rg1 58. Kg6 Kf8
59. Bd6+ Ke8 60. Kf6 Re1 1-0

[Event "Dundee & Angus Congress Open"]
[Site "?"]
[Date "2011.??.??"]
[Round "2"]
[White "MacDonald, Paul"]
[Black "Robertson, David"]
[Result "0-1"]
[WhiteElo "1822"]
[BlackElo "2053"]
[PlyCount "90"]

1. d4 Nf6 2. c4 g6 3. Nc3 Bg7 4. e4 d6 5. Be2 O-O 6. Nf3 e5 7. Be3 Nbd7 8. d5
a5 9. a3 Nh5 10. g3 Bh8 11. b4 b6 12. Nd2 Ng7 13. O-O f5 14. f3 h5 15. Nb3 g5
16. c5 bxc5 17. Nxa5 cxb4 18. Nc6 Qf6 19. axb4 Rxa1 20. Qxa1 f4 21. gxf4 exf4
22. Bd4 Ne5 23. Nb5 Ne8 24. Nxe5 dxe5 25. Bc5 Rf7 26. Kh1 Kh7 27. Qa8 Bd7 28.
Na7 g4 29. Rg1 g3 30. hxg3 Rg7 31. Bf2 fxg3 32. Bxg3 h4 33. Bh2 Rxg1+ 34. Kxg1
Qg5+ 35. Kf2 h3 36. Bf1 Qd2+ 37. Be2 Qxb4 38. Nc6 Qc5+ 39. Kf1 Qc1+ 40. Kf2 Qg5
41. Bf1 Qd2+ 42. Be2 Bf6 43. Qa6 Bh4+ 44. Bg3 Bxg3+ 45. Kxg3 Qe1+ 0-1

[Event "Dundee & Angus Congress Open"]
[Site "?"]
[Date "2011.??.??"]
[Round "2"]
[White "Sanderson, Mark"]
[Black "Campbell, Duncan"]
[Result "0-1"]
[WhiteElo "1709"]
[BlackElo "1886"]
[PlyCount "88"]

1. e4 e6 2. d4 d5 3. Nc3 Bb4 4. Nge2 dxe4 5. a3 Be7 6. Nxe4 Nf6 7. N2c3 O-O 8.
Be3 b6 9. Bc4 Bb7 10. f3 Nd5 11. Bxd5 exd5 12. Nf2 Re8 13. O-O Bd6 14. Qd2 Nc6
15. Nh3 Be7 16. Rfe1 Bh4 17. Bf2 Rxe1+ 18. Rxe1 Bxf2+ 19. Nxf2 Qd7 20. Ng4 Re8
21. Re2 f6 22. Kf1 Ba6 23. Kf2 Bxe2 24. Nxe2 Nd8 25. Ng3 c5 26. Ne3 cxd4 27.
Qxd4 Nc6 28. Qd3 Qe6 29. Ne2 d4 30. Nxd4 Nxd4 31. Qxd4 g6 32. Qd2 Kg7 33. Qc3
Re7 34. Qd2 Qe5 35. c3 Qxh2 36. Qd8 Qc7 37. Qd2 Qf4 38. Qd3 Qe5 39. Qd2 h5 40.
Qd3 h4 41. Qd2 Qg3+ 42. Kf1 h3 43. Ng4 hxg2+ 44. Qxg2 Re1# 0-1

[Event "Dundee & Angus Congress Open"]
[Site "?"]
[Date "2011.??.??"]
[Round "2"]
[White "McDonald, Ian"]
[Black "Roy, Bappa"]
[Result "1/2-1/2"]
[WhiteElo "1988"]
[BlackElo "1758"]
[PlyCount "81"]

1. e4 e5 2. Nf3 Nc6 3. Bc4 Nf6 4. Nc3 Nxe4 5. Nxe4 d5 6. Bxd5 Qxd5 7. Nc3 Qa5
8. d3 Bg4 9. h3 Bh5 10. Bd2 Be7 11. a3 Bxf3 12. Qxf3 Nd4 13. Qd1 c6 14. O-O O-O
15. Ne4 Qc7 16. c3 Ne6 17. Qc2 Rad8 18. Rad1 Kh8 19. f3 Qd7 20. Be3 b6 21. Rfe1
f5 22. Nf2 Bh4 23. d4 e4 24. fxe4 f4 25. Bc1 f3 26. d5 Nf4 27. Bxf4 Rxf4 28.
dxc6 Qxc6 29. Rxd8+ Bxd8 30. Qd2 Rf8 31. Qd5 Qg6 32. g4 Qh6 33. Rd1 Bg5 34. Qd6
g6 35. Qe5+ Bf6 36. Qd6 Qg7 37. Qd7 Qh6 38. Qd6 Bg7 39. Re1 Qg5 40. Rd1 Qh6 41.
Re1 1/2-1/2

[Event "Dundee & Angus Congress Open"]
[Site "?"]
[Date "2011.??.??"]
[Round "2"]
[White "Marks, Ian"]
[Black "Newton, Andrew"]
[Result "1-0"]
[WhiteElo "1881"]
[BlackElo "1724"]
[PlyCount "77"]

1. d4 Nf6 2. Nc3 d5 3. Bg5 c5 4. Bxf6 exf6 5. e3 Be6 6. Nge2 Nc6 7. g3 Qa5 8.
Bg2 O-O-O 9. O-O h5 10. a3 h4 11. dxc5 Qxc5 12. b4 Qd6 13. Nb5 Qb8 14. Nf4 Qe5
15. c3 hxg3 16. hxg3 Qg5 17. Qb3 Qh6 18. Rfd1 g5 19. Nxe6 fxe6 20. e4 Qh2+ 21.
Kf1 a6 22. Nd4 Ne5 23. exd5 exd5 24. Bxd5 Re8 25. b5 a5 26. b6 Bd6 27. Bg2 Rh7
28. Qd5 Rd7 29. Qxa5 Bb8 30. Qc5+ Kd8 31. Nf5 Nd3 32. Qc4 Ne5 33. Rxd7+ Nxd7
34. Rd1 Qh5 35. Qd5 Qh7 36. g4 Re5 37. Qxb7 Ke8 38. Qc8+ Kf7 39. Rxd7+ 1-0

[Event "Dundee & Angus Congress Open"]
[Site "?"]
[Date "2011.??.??"]
[Round "2"]
[White "Spencer, Ed"]
[Black "Giulian, Rosie"]
[Result "1/2-1/2"]
[WhiteElo "2046"]
[BlackElo "1764"]
[PlyCount "84"]

1. e4 e6 2. d4 d5 3. Nc3 Bb4 4. a3 Bxc3+ 5. bxc3 c5 6. Qg4 Nf6 7. Qxg7 Rg8 8.
Qh6 dxe4 9. Ne2 Nbd7 10. Ng3 b6 11. Bb5 Rg6 12. Qh4 Bb7 13. Bg5 a6 14. Bxd7+
Kxd7 15. Nh5 Rxg5 16. Qxg5 Nxh5 17. Qxh5 Qf6 18. O-O c4 19. Rae1 Rg8 20. Re3 h6
21. Rg3 Rg5 22. Rxg5 hxg5 23. Rb1 b5 24. a4 Bc6 25. axb5 Bxb5 26. Re1 Bc6 27.
Qe2 Bd5 28. Ra1 Qf4 29. g3 Qf3 30. Qxf3 exf3 31. Rxa6 g4 32. Ra7+ Ke8 33. Rc7
Kf8 34. Kf1 Kg7 35. Ke1 Kg6 36. Kd2 f6 37. Ke3 Kf5 38. Rc5 Kg5 39. Kd2 Kg6 40.
Ke3 Kg5 41. Rc8 Kf5 42. Rc5 Kg5 1/2-1/2

[Event "Dundee & Angus Congress Open"]
[Site "?"]
[Date "2011.??.??"]
[Round "2"]
[White "Holmes, Donald"]
[Black "Bremner, Adam"]
[Result "1-0"]
[WhiteElo "2263"]
[BlackElo "2068"]
[PlyCount "83"]

1. c4 c5 2. Nf3 Nf6 3. d4 cxd4 4. Nxd4 g6 5. Nc3 Bg7 6. e4 Nc6 7. Be3 O-O 8.
Be2 d6 9. O-O a5 10. Ndb5 Be6 11. f3 Nd7 12. Qd2 a4 13. f4 Na5 14. Nd5 Bxd5 15.
exd5 b6 16. Rac1 Nb7 17. Rfe1 Nbc5 18. Nd4 Qc7 19. Bf3 Rfe8 20. Bf2 Bf6 21. g4
Nb8 22. g5 Bg7 23. Re3 Qd8 24. Bg4 h5 25. Bd1 Bxd4 26. Qxd4 e5 27. dxe6 Nxe6
28. Qe4 Na6 29. Qf3 Nac5 30. Bc2 Ra7 31. Rd1 Rae7 32. h4 Ng7 33. Rxe7 Qxe7 34.
Re1 Qd7 35. Rxe8+ Qxe8 36. Kf1 Qe6 37. Qa8+ Kh7 38. Qd5 Qd7 39. Ke1 Nf5 40. Kd2
Ne7 41. Qxf7+ Kh8 42. Bd4# 1-0

[Event "Dundee & Angus Congress Open"]
[Site "?"]
[Date "2011.??.??"]
[Round "2"]
[White "Parks, Joe"]
[Black "Sreeves, Clement"]
[Result "0-1"]
[WhiteElo "1860"]
[BlackElo "2148"]
[PlyCount "70"]

1. d4 Nf6 2. c4 g6 3. Nc3 Bg7 4. g3 O-O 5. Bg2 d6 6. Nf3 Nc6 7. O-O a6 8. Qd3
Bf5 9. e4 Bg4 10. Be3 Nd7 11. Nh4 e5 12. d5 Nd4 13. f3 Nc5 14. Qd2 Bd7 15. f4
b5 16. b4 Nb7 17. Bxd4 exd4 18. Ne2 d3 19. Nc3 bxc4 20. Nf3 c5 21. dxc6 Bxc6
22. Rab1 Re8 23. Rfe1 Rc8 24. Bh3 Qb6+ 25. Kf1 Rc7 26. Nd5 Bxd5 27. exd5 Rce7
28. Qf2 Qxf2+ 29. Kxf2 Re2+ 30. Kf1 c3 31. Rxe2 Rxe2 32. Ne1 c2 33. Nxc2 dxc2
34. Rc1 Rd2 35. Bg4 Bb2 0-1